|
|
|
|
| LEADER |
00923nam a2200289 4500 |
| 001 |
DLU110130285 |
| 005 |
##20111223 |
| 040 |
# |
# |
|a DLU
|b eng
|
| 041 |
# |
# |
|a eng
|
| 044 |
# |
# |
|a us
|
| 100 |
# |
# |
|a Hulpia, Hester.
|
| 245 |
# |
# |
|a Development and validation of scores on the distributed leadership inventory /
|c Hester Hulpia, Geert Devos, Yves Rosseel.
|
| 653 |
# |
# |
|a Confirmatory factor analysis
|
| 653 |
# |
# |
|a Distributed leadership
|
| 653 |
# |
# |
|a Exploratory factor analysis
|
| 700 |
# |
# |
|a Devos, Geert.
|
| 700 |
# |
# |
|a Rosseel, Yves.
|
| 773 |
# |
# |
|t Educational and Psychological Measurement
|g Vol. 69, no. 6 (December 2009), p. 1013-1034
|
| 920 |
# |
# |
|a Phòng Tạp chí -- Trung tâm Thông tin - Thư viện Trường Đại học Đà Lạt
|
| 994 |
# |
# |
|a DLU
|
| 900 |
# |
# |
|a True
|
| 911 |
# |
# |
|a Trương Bảo Trâm Anh
|
| 925 |
# |
# |
|a G
|
| 926 |
# |
# |
|a A
|
| 927 |
# |
# |
|a BB
|
| 980 |
# |
# |
|a Thư viện Trường Đại học Đà Lạt
|